00496nam a2200193Ia 4500003000400000005001700004008004100021020002200062040000700084041000800091082002400099100003900123245004800162250000600210260004000216300001600256365001300272650001700285OSt20230616140536.0210423s2020 xx 000 0 und d a978-93-5260-173-8 cAL aeng a543.0858 223bBANF aBANWELL (Colin N);MCCASH (ElaineM) aFundamentals of molecular spectroscopy Ed 4 a4 aHaryanabMcGrawhill Educationc2020 axii,308bPB b595cINR aSpectroscopy